MDQL
is popping MORE tags! Check the
thread
!
Quizzes
Events
Quiz Creation
Community
Videos
Private Events
Remove Ads
Sign In
Join for FREE
Feedback
Dark Mode
Quiz Categories
Sports
Geography
Music
Movies
Television
Just For Fun
Miscellaneous
History
Literature
Language
Science
Gaming
Entertainment
Religion
Holiday
For Kids
Quiz Lab
Recent
Popular Today
Quiz Kudos Today
Editor Picks
Curator Picks
Quizzes by...
Day
Popularity
Type
Ratings
Length
Year
Community
Subscriptions
Recent Discussions
Orange Saloon
Badges
Playlists
Quests
Create
Leaderboards
Showdown
Live 5
Trivia Bingo
Activity
Puzzle Library
Sporcle Events
Private Events
Virtual Trivia
Globe League
Become a Host
Pub Owners
SporcleCon
Opinionation
Our Games
Videos
Blog
Mobile Apps
Partnerships
Remove Ads and Go Orange
Feedback
Sports
Athletes
MLB
NBA
NHL
NFL
Soccer
Sports Teams
WWE
NCAA
Football
Premier League
Basketball
Baseball
Hockey
Golf
Tennis
Cricket
Rugby
Auto Racing
Olympics
World Cup
Sports
Athletes
MLB
NBA
NHL
NFL
Soccer
Sports Teams
WWE
NCAA
Football
Premier League
Basketball
Baseball
Hockey
Golf
Tennis
Cricket
Rugby
Auto Racing
Olympics
World Cup
Random Quiz
Search Sporcle
×
Quiz Lab
Quiz Lab
Sports
MLB
Type in answers that appear in a list
Type in answers that appear in a list
Classic
Best Score? Go Orange.
Most Efficient 2011 Stats
Can you name the Pitchers of the 2011 Season With the Highest K/BB Ratio?
By
pclauson
5m
25 Questions
42 Plays
42 Plays
42 Plays
Comments
Comments
Give Quiz Kudos
Give Quiz Kudos
-
- Ratings
hide this ad
More Info
Replay
Link that replays current quiz
Next Quiz
Link to next quiz in quiz playlist
You Got
0%
They Got
Avg Score
56%
Avg Friend Score
Upgrade to see
Score Distribution
Jump to the score distribution portion of the page
Score
0/25
Timer
05:00
0
Plays Today
K/BB
Pitcher
% Correct
6.29
Roy Halladay
95.2%
5.67
Cliff Lee
92.9%
4.39
Justin Verlander
85.7%
3.77
C.C. Sabathia
85.7%
4.47
Zack Greinke
83.3%
4.59
Clayton Kershaw
78.6%
3.37
Josh Beckett
78.6%
3.51
Yovani Gallardo
71.4%
4.41
Cole Hamels
69%
3.46 (tied)
David Price
69%
3.31
Felix Hernandez
69%
3.54
Jered Weaver
66.7%
3.47
Chris Carpenter
61.9%
K/BB
Pitcher
% Correct
3.46 (tied)
James Shields
61.9%
3.38 (tied)
Daniel Hudson
59.5%
3.60
Ian Kennedy
57.1%
3.95
Doug Fister
54.8%
5.82
Dan Haren
50%
4.15
Madison Bumgarner
28.6%
3.36 (tied)
Gavin Floyd
26.2%
3.29
Hiroki Kuroda
21.4%
4.24
Josh Tomlin
16.7%
3.36 (tied)
Ricky Nolasco
16.7%
4.92
Brandon McCarthy
9.5%
3.38 (tied)
Bartolo Colón
4.8%
Quiz Playlist
Details
Report
Send in Message
Add To Playlist
More Info:
All statistics according to Major League Baseball.
Classic:
Type in answers that appear in a list
Quiz Source
Last Updated: Feb 16, 2017
Quiz Scoreboard
CHALLENGE
Sign Up to Join the Scoreboard
Show All
Scores
Hide
Comments
May contain spoilers
Recently Published
Find the 'City' Movie
by crazypaving
Movies
60s
5x2 Blitz: Bands
by SL_Kpop136
Music
30s
Colored Red Africa Blitz
by spor1
Geography
30s
More to Explore
Quiz From the Vault
Featured Blog Post
14 Easter Pick-up Lines to Find Eggs With
hide this ad
You Might Also Like...
Tags
Baseball Quiz
MLB Quiz
strikeouts
Walk
Today's Top Quizzes in Sports
Browse Sports
hide this ad
Today's Top Quizzes in MLB
Browse MLB
Top Contributed Quizzes in Sports
1
Les entraîneurs de l'OM et du PSG au 21e siècle
2
Les meilleurs buteurs des matchs entre le PSG et l’OM
3
Players with Multiple 50 Home Run Seasons
4
2022 World Cup Stars
5
Les joueurs passés par le PSG et l'OM
6
NBA Logic Puzzle 2.0
7
Criteria MLB: Left Handed Sluggers
8
MLB Players with Two .350 Batting Average Seasons
9
Top 10 NHL Goal Scorers of All Time
10
Who Hit More Homers?
Explore More
Trending Topics
Kpop
NBA
Anime
Marvel
Harry Potter
Crossword
Disney
NFL
Country
Puzzle
Soccer
WWE
Song
The Office
Pokémon
hide this ad
More By:
pclauson
Quiz
Plays
Rating
Category
Featured
Created
Where's the Beer? (Front Bottoms)
1,286
5.00
Music
Sep 16, 2013
'Magic School Bus' Characters by Catchphrase
1,215
4.50
Television
Jul 13, 2011
Body Parts in 'Aeroplane Over the Sea'
1,144
4.67
Music
Jul 28, 2011
Scrubs 'Smother Your Kids' PSA
110
4.00
Television
Jan 3, 2011
Detroit Tigers Leaders (since 2000)
86
5.00
Sports
Feb 28, 2018
Go to Creator's Profile
Score Distribution
Quiz Creator Spotlight
pclauson
Follow
Send a Message
Quizzes Created
-
Created Quiz Play Count
-
More By This Creator
Popular Quizzes Today
1
Colored Red Africa Blitz
2
Find the 'City' Movie
3
Find the US States - No Outlines Minefield
4
5x2 Blitz: Bands
5
The Countries of the World
6
Find the US States
7
Find the Countries of Europe - No Outlines Minefield
8
US States
More Sports Quizzes
College Football Top 5 (1951-2010)
Published
Trending Quizzes
Colored Red Europe Blitz I
Colored Red Europe Blitz II
Colored Red Africa Blitz II
Colored Red Europe Blitz III
Colored Red Africa Blitz III
Recently Updated
How Do You Spell That?
pecheneg
Godzilla Movies
pecheneg
Grab Bag: 4-10 Letters
pecheneg
2024 March Madness Bracket
pecheneg
Famous TV Couples
Peacemaker
Champions League XIs: Real Madrid
pecheneg
Largest US Cities 1790-2010
pecheneg
Rides in Walt Disney World
pecheneg
Most Oscar Losses (Acting)
pecheneg
Beyoncé Albums
pecheneg
Trending Topics
NBA
Harry Potter
Crossword
Kpop
Anime
Marvel
Disney
NFL
Song
Puzzle
The Office
WWE
Soccer
Country
Pokémon
Your Account Isn't Verified!
In order to create a playlist on Sporcle, you need to verify the email address you used during registration. Go to your
Sporcle Settings
to finish the process.
Report this User
Report this user for behavior that violates our
Community Guidelines
.
Details:
Send Report
Go to the Sporcle.com Mobile Site →
Comments